000 00781nam a2200277Ia 4500
003 OSt
005 20221007110923.0
006 a|||||r|||| 00| 0
007 ta
008 221006b |||||||| |||| 00| 0 eng d
024 _a22,146
037 _cTextual
040 _aLCO
_cLCO
_beng
041 _2eng
_aeng
082 _aX7295:54, M1
100 _aKohli D.N.
_9707987
245 0 _aCustoms Manual.1V
250 _a1st
260 _aNew
_bDelhi Cen - Cus Publications India
_c1981
300 _a512
500 _aThe Customs Act, 1962; The Rules & Regulations and Notifications Issued thereunder
650 _aCUSTOMS
_9701754
700 _a Gaur D.N.
_9707988
942 _hX7295:54, M1
_cTEXL
999 _c1191709
_d1191709